Normal view
MARC view
- Supervisor: Prof. Dr. Zakir Hussain
Entry Personal Name
001 - CONTROL NUMBER
- control field: 120617
003 - CONTROL NUMBER IDENTIFIER
- control field: NUST
005 - DATE AND TIME OF LATEST TRANSACTION
- control field: 20240216102245.0
008 - FIXED-LENGTH DATA ELEMENTS
- fixed length control field: 240216|| aca||aabn | a|a d
040 ## - CATALOGING SOURCE
- Original cataloging agency: NUST
- Transcribing agency: NUST
100 ## - HEADING--PERSONAL NAME
- Personal name: Supervisor: Prof. Dr. Zakir Hussain
670 ## - SOURCE DATA FOUND
- Source citation: Work cat.: (NUST): Abbasi, Amna Didar 120616, Development of Liquid Crystals Based Biosensor for the Detection of HIV-1 Surface Glycoprotein-120/
